| 000 | 00767nam a22002057a 4500 | ||
|---|---|---|---|
| 999 |
_c15578 _d15578 |
||
| 003 | AR-CdUCM | ||
| 008 | 190325b ||||| |||| 00| 0 spa d | ||
| 040 |
_aMUNICIPALIDAD PROVINCIAL DEL CUSCO _cBIBLIOTECA MUNICIPAL DEL CUSCO |
||
| 082 |
_aC / 980.004 / _bF84 |
||
| 100 |
_aFrisancho, José _923617 |
||
| 245 | _aDel Jesuitismo al Indianismo / | ||
| 260 |
_aCuzco : _bTalleres tipográficos imperial, _c1931. |
||
| 300 |
_a145 páginas ; _c21 cm |
||
| 505 | _aContenido : La España plenaria -- La sierra trágica -- Procesalismo serrano -- Los estudios jurídicos en hipanoamerica -- Naturaleza, hombres y cultura... | ||
| 650 |
_aJesuitismo _934697 |
||
| 650 |
_aSiglo XX _98 |
||
| 650 |
_aNarracion _934698 |
||
| 942 |
_2ddc _cLIBROS |
||
| 945 |
_awnts _d2019-04-29 |
||